British social services (Record no. 431846)

000 -LEADER
fixed length control field 00388cam a22001337a 4500
008 - FIXED-LENGTH DATA ELEMENTS--GENERAL INFORMATION
fixed length control field 180718b1948 xxu||||| |||| 00| 0 eng d
082 ## - DEWEY DECIMAL CLASSIFICATION NUMBER
Classification number Qx42 C674
100 ## - MAIN ENTRY--PERSONAL NAME
Personal name Cole, G. D. H.
245 ## - TITLE STATEMENT
Title British social services
Statement of responsibility, etc. by G. D. H. Cole
260 ## - PUBLICATION, DISTRIBUTION, ETC.
Place of publication, distribution, etc. London
Name of publisher, distributor, etc. Longmans, Green
Date of publication, distribution, etc. 1948
300 ## - PHYSICAL DESCRIPTION
Extent 41p.
650 ## - SUBJECT ADDED ENTRY--TOPICAL TERM
Topical term or geographic name entry element Great Britain --Social conditions
650 ## - SUBJECT ADDED ENTRY--TOPICAL TERM
Topical term or geographic name entry element Public welfare --Great Britain
Holdings
Withdrawn status Lost status Damaged status Not for loan Permanent Location Current Location Date acquired Full call number Barcode Date last seen Price effective from Koha item type
        Indian Institute of Public Administration Indian Institute of Public Administration 2010-01-22 Qx42 C674 1405 2018-07-21 2018-07-21 Book

Powered by Koha